LEADER 00929cam0-2200313---450- 001 990004972310403321 005 20140717164801.0 035 $a000497231 035 $aFED01000497231 035 $a(Aleph)000497231FED01 035 $a000497231 100 $a19990604d1959----km-y0itay50------ba 101 0 $aspa 102 $aES 105 $a--------001by 200 1 $aDon Alvaro o la fuerza del sino$edrama original en cinco jornadas y en prosa y en verso$fduque de Rivas 205 $a3. ed. 210 $aMadrid$cEspasa-Calpe$d1959 215 $a149 p.$d18 cm 225 1 $aColección austral$v1016 676 $a862.5 700 1$aRivas,$bAngel de Saavedra$cduca di$f<1791-1865>$0203197 801 0$aIT$bUNINA$gRICA$2UNIMARC 901 $aBK 912 $a990004972310403321 952 $a862.5 RIVAS 2(1)$bIst.f.m.7198$fFLFBC 959 $aFLFBC 996 $aDon Álvaro o la fuerza del sino$994340 997 $aUNINA